Top 25 Syfy Shows (IMDB) - Statistics

General Stats
  • This quiz has been taken 9 times
    8 since last reset
  • The average score is 4 of 28
Answer Stats
Show Year(s) IMDB % Correct
Eureka 2006-2012 7.9
75%
Stargate: Atlantis 2004-2009 8.1
50%
Warehouse 13 2009-2014 7.6
50%
Haven 2010-2015 7.5
38%
Stargate SG-1 2002-2007 8.4
38%
12 Monkeys 2015-2018 7.7
25%
Battlestar Galactica 2004-2009 8.7
25%
Battlestar Galactica 2003 8.5
25%
Stargate Universe 2009-2011 7.6
25%
The Magicians 2015-2020 7.6
25%
Being Human 2011-2014 7.6
13%
Destination Truth 2007-2012 7.6
13%
Farscape 1999-2003 8.3
13%
Resident Alien 2021-2025 8.0
13%
The Expanse 2015-2018 8.5
13%
Dark Matter 2015-2017 7.5
0%
Deadly Class 2019 7.5
0%
Farscape: The Peacekeeper Wars 2004 8.2
0%
Good vs Evil 1999-2000 7.5
0%
Happy! 2017-2019 8.1
0%
Jim Henson's Creature Shop Challenge 2014 8.0
0%
Mystery Science Theater 3000 1997-1999 8.6
0%
Sanctuary 2007 7.6
0%
Taken 2002 7.8
0%
The Dresden Files 2007-2008 7.6
0%
The Lost Room 2006 8.1
0%
The Outer Limits 2001-2002 7.7
0%
WWE NXT 2010, 2021, 2022 7.5
0%
No matching quizzes found
Score Distribution
Percent of People with Each Score
Percentile by Number Answered
Your Score History
You have not taken this quiz since the last reset